[Event "2. Bundesliga Mitte 2013/2014"]
[Site "Steyregg"]
[Date "2014.04.05"]
[Round "10"]
[Board "1"]
[White "Karner, Christoph"]
[Black "Kreisl, Robert"]
[Result "1/2-1/2"]
[WhiteElo "2343"]
[BlackElo "2435"]
[PlyCount "60"]
[EventDate "2013.10.04"]
[EventType "team"]
[EventRounds "11"]
[EventCountry "AUT"]
[WhiteTeam "ESV Austria Graz"]
[BlackTeam "SC MPOE Maria Saal II"]

1. d4 Nf6 2. c4 g6 3. Nc3 d5 4. Bf4 Bg7 5. e3 O-O 6. Rc1 Be6 7. c5 c6 8. Bd3
Bc8 9. b4 b6 10. Nge2 Nfd7 11. O-O e5 12. Bg3 a5 13. b5 bxc5 14. bxc6 Nxc6 15.
Nxd5 Nb4 16. Be4 Bb7 17. dxc5 Rc8 18. Nf6+ Bxf6 19. Bxb7 Rxc5 20. a3 Rxc1 21.
Nxc1 Nc5 22. axb4 Nxb7 23. bxa5 Nxa5 24. Qa4 Qa8 25. Nd3 Nc6 26. Qxa8 Rxa8 27.
Rc1 e4 28. Nc5 Bb2 29. Rb1 f5 30. f3 Ba3 1/2-1/2

[Event "2. Bundesliga Mitte 2013/2014"]
[Site "Steyregg"]
[Date "2014.04.05"]
[Round "10"]
[Board "2"]
[White "Tratar, Marko"]
[Black "Kotz, Heinz Peter"]
[Result "1-0"]
[WhiteElo "2480"]
[BlackElo "2339"]
[PlyCount "99"]
[EventDate "2013.10.04"]
[EventType "team"]
[EventRounds "11"]
[EventCountry "AUT"]
[WhiteTeam "SC MPOE Maria Saal II"]
[BlackTeam "ESV Austria Graz"]

1. d4 {[%emt 0:00:00]} Nf6 {[%eval 0,0] [%emt 0:00:00]} 2. c4 g6 3. Nc3 Bg7 4.
e4 d6 5. Be2 O-O 6. Bg5 Nbd7 7. Qd2 e5 8. d5 Nc5 9. f3 a5 10. g4 h6 11. Be3 Ne8
12. h4 Kh7 13. h5 g5 14. Nh3 Bf6 15. Nf2 Be7 16. Kf1 Nf6 17. Kg2 Nfd7 18. Rab1
Na6 19. a3 c5 20. Bd1 Nb6 21. Qd3 Bd7 22. Bc2 Rh8 23. Bd2 Nc7 24. Nfd1 Nc8 25.
Ba4 Na7 26. Bxd7 Qxd7 27. Ne3 b5 28. b4 axb4 29. axb4 cxb4 30. Rxb4 Na6 31. Rb2
Nc5 32. Qb1 bxc4 33. Nxc4 Nc8 34. Qc2 Rd8 35. Be3 f6 36. Bxc5 dxc5 37. Rhb1 Ra7
38. Nd1 Nd6 39. Nde3 Rc7 40. Nxd6 Bxd6 41. Nc4 Bf8 42. Rb6 Kg7 43. d6 Ra7 44.
Ne3 Qe6 45. Nf5+ Kh8 46. Qxc5 Ra2+ 47. R1b2 Bxd6 48. Qc2 Ra7 49. Qc6 Ra2 50.
Kg3 1-0

[Event "2. Bundesliga Mitte 2013/2014"]
[Site "Steyregg"]
[Date "2014.04.05"]
[Round "10"]
[Board "3"]
[White "Fahrner, Kurt"]
[Black "Handler, Lukas"]
[Result "1/2-1/2"]
[WhiteElo "2294"]
[BlackElo "2388"]
[PlyCount "136"]
[EventDate "2013.10.04"]
[EventType "team"]
[EventRounds "11"]
[EventCountry "AUT"]
[WhiteTeam "ESV Austria Graz"]
[BlackTeam "SC MPOE Maria Saal II"]

1. g3 Nf6 2. Bg2 d5 3. d3 c6 4. Nd2 Bg4 5. h3 Bh5 6. f4 e6 7. g4 Bg6 8. e4 dxe4
9. dxe4 h6 10. Qe2 Bc5 11. Nb3 Bb6 12. Bd2 Nbd7 13. O-O-O Qe7 14. Qc4 O-O-O 15.
Ne2 Nc5 16. Bb4 Nxb3+ 17. axb3 Qc7 18. e5 Nd5 19. Bd6 Ne3 20. Bxc7 Rxd1+ 21.
Rxd1 Nxc4 22. Bxb6 Nxb6 23. Ng3 Rd8 24. f5 Bh7 25. Be4 Bg8 26. Nh5 Rxd1+ 27.
Kxd1 Nd7 28. Nxg7 Nxe5 29. Nh5 Nd7 30. Kd2 Kd8 31. f6 Nc5 32. Ke3 Nxe4 33. Kxe4
Bh7+ 34. Ke5 Bxc2 35. b4 Kd7 36. Nf4 b6 37. Ng2 c5 38. Ne3 Bd3 39. bxc5 bxc5
40. h4 a5 41. h5 a4 42. Nd1 Be2 43. g5 hxg5 44. h6 Bd3 45. Nc3 Bg6 46. Nxa4 Kc6
47. Nc3 g4 48. Ne4 c4 49. Kf4 g3 50. Nxg3 Kd5 51. Nh5 Kd4 52. Ng7 e5+ 53. Kg5
Kd3 54. Nf5 e4 55. Kf4 Bxf5 56. Kxf5 e3 57. h7 e2 58. h8=Q e1=Q 59. Qd8+ Kc2
60. Qd4 Qf1+ 61. Ke5 Qd3 62. Kd5 Kb3 63. Kc5 Qf5+ 64. Kc6 Qc8+ 65. Kb6 Qb8+ 66.
Kc6 Qc8+ 67. Kb6 Qb8+ 68. Kc6 Qc8+ 1/2-1/2

[Event "2. Bundesliga Mitte 2013/2014"]
[Site "Steyregg"]
[Date "2014.04.05"]
[Round "10"]
[Board "4"]
[White "Hartl, Daniel"]
[Black "Spindelboeck, Gernot"]
[Result "1-0"]
[WhiteElo "2286"]
[BlackElo "2252"]
[PlyCount "63"]
[EventDate "2013.10.04"]
[EventType "team"]
[EventRounds "11"]
[EventCountry "AUT"]
[WhiteTeam "SC MPOE Maria Saal II"]
[BlackTeam "ESV Austria Graz"]

1. d4 Nf6 2. c4 e6 3. Nf3 b6 4. g3 Ba6 5. Qc2 Bb7 6. Bg2 Bb4+ 7. Bd2 a5 8. O-O
Be4 9. Qd1 O-O 10. a3 Be7 11. Nc3 d5 12. cxd5 exd5 13. Bf4 Nbd7 14. Rc1 c5 15.
Nxe4 Nxe4 16. dxc5 Ndxc5 17. Ne5 Bf6 18. b4 axb4 19. axb4 Bxe5 20. Bxe5 Na6 21.
Qd4 f6 22. Bf4 Kh8 23. Rc6 Re8 24. h4 Rc8 25. Rfc1 Rxc6 26. Rxc6 h6 27. f3 Nb8
28. Bxb8 Qxb8 29. fxe4 Qxg3 30. Qf2 Qb3 31. exd5 Qd1+ 32. Kh2 1-0

[Event "2. Bundesliga Mitte 2013/2014"]
[Site "Steyregg"]
[Date "2014.04.05"]
[Round "10"]
[Board "5"]
[White "Ebner, Hubert"]
[Black "Halvax, Georg"]
[Result "0-1"]
[WhiteElo "2244"]
[BlackElo "2314"]
[PlyCount "110"]
[EventDate "2013.10.04"]
[EventType "team"]
[EventRounds "11"]
[EventCountry "AUT"]
[WhiteTeam "ESV Austria Graz"]
[BlackTeam "SC MPOE Maria Saal II"]

1. d4 {[%emt 0:00:00]} d5 2. c4 e6 3. Nf3 Nf6 4. g3 Bb4+ 5. Bd2 Be7 6. Bg2 c6
7. Qc2 b6 8. b3 Ba6 9. O-O O-O 10. Rd1 Nbd7 11. Bf4 h6 12. Nbd2 g5 13. Be5 Ne8
14. g4 Rc8 15. e4 Nxe5 16. Nxe5 Bf6 17. Ndf3 Nd6 18. Nxc6 Rxc6 19. e5 Nxc4 20.
bxc4 Rxc4 21. Qd2 Be7 22. Bf1 Ra4 23. Bxa6 Rxa6 24. Rdc1 b5 25. h4 Ra3 26. Kg2
Kg7 27. hxg5 Bxg5 28. Nxg5 Qxg5 29. Qxg5+ hxg5 30. Rc7 Ra4 31. Kf3 a6 32. Ke3
Rh8 33. Rc3 Rh3+ 34. f3 Rh2 35. a3 b4 36. Rb3 a5 37. Kd3 Kg6 38. Ke3 f5 39.
exf6 Kxf6 40. Rd3 e5 41. Rc1 exd4+ 42. Kxd4 bxa3+ 43. Kxd5 a2 44. Ra1 Rb2 45.
Rdd1 Rf2 46. Rd3 Rb2 47. Rdd1 Ra3 48. Rf1 Rab3 49. Rfc1 Rb6 50. Rh1 Rb1 51.
Rh6+ Kg7 52. Rxb6 Rxa1 53. Rb7+ Kf6 54. Rb6+ Ke7 55. Rb7+ Kd8 0-1

[Event "2. Bundesliga Mitte 2013/2014"]
[Site "Steyregg"]
[Date "2014.04.05"]
[Round "10"]
[Board "6"]
[White "Rieger, Robert"]
[Black "Aschenbrenner, Robert"]
[Result "1-0"]
[WhiteElo "2163"]
[BlackElo "2279"]
[PlyCount "107"]
[EventDate "2013.10.04"]
[EventType "team"]
[EventRounds "11"]
[EventCountry "AUT"]
[WhiteTeam "SC MPOE Maria Saal II"]
[BlackTeam "ESV Austria Graz"]

1. e4 c5 2. Nf3 Nc6 3. d4 cxd4 4. Nxd4 d5 5. Nxc6 bxc6 6. exd5 Qxd5 7. Qe2 Nf6
8. Nc3 Qd6 9. Be3 Bg4 10. Qa6 g6 11. Bc4 Bg7 12. h3 Bc8 13. Qa5 O-O 14. Rd1 Qb8
15. Bb3 Bf5 16. O-O Ne4 17. Nxe4 Bxe4 18. Rfe1 Bd5 19. Bc5 Bxb3 20. cxb3 Qb5
21. Qxb5 cxb5 22. Rxe7 a6 23. b4 Rfd8 24. Rxd8+ Rxd8 25. Ra7 Be5 26. g3 Bxb2
27. Rxa6 Bd4 28. Ra5 Bxc5 29. bxc5 b4 30. Rb5 Rd1+ 31. Kg2 Rc1 32. Kf3 Kf8 33.
Ke4 Ke7 34. Kd5 Rc2 35. Kc6 Rxa2 36. Rxb4 Rxf2 37. Kb7 Rc2 38. Re4+ Kd7 39.
Rd4+ Ke6 40. c6 Ke5 41. Rd8 Ke4 42. c7 Kf3 43. Rd3+ Kg2 44. h4 Rb2+ 45. Kc6
Rc2+ 46. Kd7 f5 47. c8=Q Rxc8 48. Kxc8 h6 49. Kd7 g5 50. h5 Kh3 51. Ke6 Kg4 52.
Rd4+ f4 53. gxf4 gxf4 54. Ke5 1-0

[Event "2. Bundesliga Mitte 2013/2014"]
[Site "Steyregg"]
[Date "2014.04.06"]
[Round "11"]
[Board "1"]
[White "Flumbort, Andras"]
[Black "Arztmann, Wolfgang"]
[Result "1-0"]
[WhiteElo "2470"]
[BlackElo "2194"]
[PlyCount "99"]
[EventDate "2013.10.04"]
[EventType "team"]
[EventRounds "11"]
[EventCountry "AUT"]
[WhiteTeam "ASK St. Valentin"]
[BlackTeam "SV Raika Rapid Feffernitz II"]

1. d4 d5 2. c4 e6 3. Nf3 Nf6 4. Nc3 c5 5. cxd5 exd5 6. g3 Nc6 7. Bg2 Be7 8. O-O
O-O 9. Bg5 cxd4 10. Nxd4 h6 11. Bf4 Bg4 12. h3 Be6 13. Rc1 Qd7 14. Nxe6 fxe6
15. e4 d4 16. e5 dxc3 17. exf6 Qxd1 18. Rfxd1 Bxf6 19. bxc3 Rfd8 20. Be3 Rac8
21. Rxd8+ Nxd8 22. c4 b6 23. c5 bxc5 24. Rxc5 Rxc5 25. Bxc5 a6 26. Bb6 Kf7 27.
Bf1 Nc6 28. Bxa6 Bd4 29. Bc7 Ke7 30. Bb5 Na7 31. Ba4 Nc8 32. Ba5 Bb2 33. Bb4+
Kf7 34. Bb3 Ne7 35. a4 Nc6 36. Bd2 Bd4 37. a5 Ba7 38. Kg2 Nd4 39. Bc4 Kf6 40.
h4 e5 41. Bd5 Kf5 42. f3 Kf6 43. Be4 Ke6 44. Kh3 Ne2 45. Bb4 Nd4 46. Bf8 Kf6
47. Kg4 Ne6 48. Bd6 g6 49. h5 g5 50. Bd5 1-0

[Event "2. Bundesliga Mitte 2013/2014"]
[Site "Steyregg"]
[Date "2014.04.06"]
[Round "11"]
[Board "2"]
[White "Pacher, Simon"]
[Black "Sandhoefner, Florian"]
[Result "0-1"]
[WhiteElo "2044"]
[BlackElo "2271"]
[PlyCount "78"]
[EventDate "2013.10.04"]
[EventType "team"]
[EventRounds "11"]
[EventCountry "AUT"]
[WhiteTeam "SV Raika Rapid Feffernitz II"]
[BlackTeam "ASK St. Valentin"]

1. e4 c5 2. Nf3 d6 3. Bb5+ Bd7 4. a4 Nf6 5. Nc3 Nc6 6. O-O e6 7. Re1 Be7 8. d4
cxd4 9. Nxd4 Rc8 10. Nxc6 Bxc6 11. Bd3 O-O 12. Nb5 Ra8 13. c3 a6 14. Nd4 Bd7
15. a5 Qc7 16. f4 g6 17. e5 Nd5 18. Kh1 Rfd8 19. Qg4 Bf8 20. Qg3 Bg7 21. Bc2
Rac8 22. Bb3 Ne7 23. Qg5 dxe5 24. fxe5 Nc6 25. Nxc6 Bxc6 26. Be3 h6 27. Qh4 g5
28. Qg4 Rd3 29. Bc2 Rd7 30. h4 Qxe5 31. Bxg5 f5 32. Qh3 Qb5 33. Bc1 Rcd8 34.
Qg3 Kh8 35. Rxe6 Qf1+ 36. Kh2 Rd1 37. Bxd1 Rxd1 38. Qb8+ Kh7 39. Rxc6 bxc6 0-1

[Event "2. Bundesliga Mitte 2013/2014"]
[Site "Steyregg"]
[Date "2014.04.06"]
[Round "11"]
[Board "3"]
[White "Theuretzbacher, Klaus"]
[Black "Hofer, Christian"]
[Result "0-1"]
[WhiteElo "2265"]
[BlackElo "1942"]
[PlyCount "77"]
[EventDate "2013.10.04"]
[EventType "team"]
[EventRounds "11"]
[EventCountry "AUT"]
[WhiteTeam "ASK St. Valentin"]
[BlackTeam "SV Raika Rapid Feffernitz II"]

1. e4 c5 2. b3 e6 3. Nf3 a6 4. Bb2 d6 5. Be2 Nf6 6. e5 Nd5 7. g3 dxe5 8. Nxe5
Nd7 9. O-O Qc7 10. f4 Bd6 11. Nc4 O-O 12. Bf3 Rb8 13. Re1 Bxf4 14. gxf4 Nxf4
15. Kh1 f6 16. d4 b5 17. Ncd2 cxd4 18. Bxd4 Ne5 19. Bxe5 fxe5 20. Ne4 Bb7 21.
Nbd2 Rbd8 22. Rf1 Nh3 23. Qe1 Qb6 24. Qg3 Rxf3 25. Rxf3 Nf4 26. Re1 Qa5 27. Qf2
Nh3 28. Qe3 h6 29. Kg2 Ng5 30. Nxg5 Rxd2+ 31. Kh3 hxg5 32. Rg3 Qb4 33. Qxg5 Rd7
34. c3 Qf8 35. Rxe5 Qf1+ 36. Kh4 Qf2 37. h3 Bd5 38. Ree3 Rf7 39. Qh6 0-1

[Event "2. Bundesliga Mitte 2013/2014"]
[Site "Steyregg"]
[Date "2014.04.06"]
[Round "11"]
[Board "4"]
[White "Koefeler, Christian"]
[Black "Tober, Gerhard"]
[Result "0-1"]
[WhiteElo "2007"]
[BlackElo "2284"]
[PlyCount "92"]
[EventDate "2013.10.04"]
[EventType "team"]
[EventRounds "11"]
[EventCountry "AUT"]
[WhiteTeam "SV Raika Rapid Feffernitz II"]
[BlackTeam "ASK St. Valentin"]

1. d4 d5 2. Nc3 Nf6 3. Bg5 e6 4. e4 dxe4 5. Nxe4 Nbd7 6. Nf3 Be7 7. Nxf6+ Nxf6
8. Bd3 h6 9. Be3 Nd5 10. O-O Bf6 11. c3 Bd7 12. Qe2 Bc6 13. Ne5 Bxe5 14. dxe5
Nxe3 15. Qxe3 Qg5 16. Qxg5 hxg5 17. Rad1 Rd8 18. Be2 Rxd1 19. Rxd1 Rh4 20. f3
Ra4 21. a3 Ra5 22. Kf2 Rxe5 23. c4 g4 24. Rd4 gxf3 25. Bxf3 Rf5 26. Kg3 Bxf3
27. gxf3 Re5 28. Kf2 Rh5 29. Kg3 Ke7 30. h4 g6 31. b4 Rh8 32. c5 Rh5 33. Rc4 a6
34. a4 c6 35. Kg4 Rd5 36. Kf4 Kf6 37. Ke3 Rh5 38. Rf4+ Ke7 39. Rd4 Rd5 40. Rc4
Rd1 41. Rg4 Re1+ 42. Kf2 Ra1 43. a5 Ra3 44. Kg3 e5 45. Kf2 Ke6 46. Ke2 Rc3 0-1

[Event "2. Bundesliga Mitte 2013/2014"]
[Site "Steyregg"]
[Date "2014.04.06"]
[Round "11"]
[Board "5"]
[White "Heimberger, Reinhard"]
[Black "Tscharnuter, Hannes"]
[Result "1/2-1/2"]
[WhiteElo "2303"]
[BlackElo "2033"]
[PlyCount "60"]
[EventDate "2013.10.04"]
[EventType "team"]
[EventRounds "11"]
[EventCountry "AUT"]
[WhiteTeam "ASK St. Valentin"]
[BlackTeam "SV Raika Rapid Feffernitz II"]

1. d4 c5 2. e3 Nf6 3. Nf3 d5 4. b3 cxd4 5. exd4 Bg4 6. Be2 e6 7. O-O Bd6 8. c4
Nc6 9. Nc3 Rc8 10. Be3 O-O 11. h3 Bh5 12. c5 Bb8 13. Bg5 a6 14. a3 Ne7 15. b4
h6 16. Bxf6 gxf6 17. Nh4 Bxe2 18. Qxe2 Kh7 19. a4 Rg8 20. f4 Rg3 21. Rf3 Rxf3
22. Qxf3 Nc6 23. Ne2 f5 24. Qh5 Qf6 25. Nf3 Nxb4 26. Rb1 a5 27. Rb3 Rg8 28. Ne5
Bxe5 29. fxe5 Qg5 30. Qf3 Qd2 1/2-1/2

[Event "2. Bundesliga Mitte 2013/2014"]
[Site "Steyregg"]
[Date "2014.04.06"]
[Round "11"]
[Board "6"]
[White "Zoehrer, Sarah"]
[Black "Weilguni, Johann"]
[Result "0-1"]
[WhiteElo "1711"]
[BlackElo "2164"]
[PlyCount "40"]
[EventDate "2013.10.04"]
[EventType "team"]
[EventRounds "11"]
[EventCountry "AUT"]
[WhiteTeam "SV Raika Rapid Feffernitz II"]
[BlackTeam "ASK St. Valentin"]

1. d4 {[%emt 0:00:00]} d5 2. e3 Nf6 3. Bd3 c5 4. c3 Nc6 5. f4 e6 6. Nf3 Bd6 7.
Nbd2 cxd4 8. cxd4 Bd7 9. O-O Nb4 10. Bb1 Bb5 11. Rf2 Ng4 12. Ne5 Nxf2 13. Qh5
Bxe5 14. Qxe5 O-O 15. Kxf2 Qh4+ 16. Kf3 Qe1 17. Kg4 f5+ 18. Kh3 Rf6 19. g3 Rh6+
20. Kg2 Qe2+ 0-1

[Event "2. Bundesliga Mitte 2013/2014"]
[Site "Steyregg"]
[Date "2014.04.06"]
[Round "11"]
[Board "1"]
[White "Mayerhofer, Peter"]
[Black "Kovacs, Gabor"]
[Result "0-1"]
[WhiteElo "2202"]
[BlackElo "2458"]
[PlyCount "120"]
[EventDate "2013.10.04"]
[EventType "team"]
[EventRounds "11"]
[EventCountry "AUT"]
[WhiteTeam "SPG Freistadt/Wartberg"]
[BlackTeam "Union Styria Graz"]

1. e4 Nf6 2. e5 Nd5 3. d4 d6 4. Nf3 dxe5 5. Nxe5 c6 6. Qf3 Be6 7. c3 Nd7 8.
Nxd7 Qxd7 9. Bd3 Bg4 10. Qg3 Qe6+ 11. Be3 h5 12. h3 Bf5 13. Bxf5 Qxf5 14. O-O
h4 15. Qg5 Qc2 16. Bc1 e6 17. Qd2 Qf5 18. Qg5 Qxg5 19. Bxg5 Rh5 20. Be3 c5 21.
Nd2 Rc8 22. Nf3 Be7 23. Rfe1 c4 24. a4 Bd8 25. Bd2 Nb6 26. Re5 Rxe5 27. Nxe5
Nd5 28. a5 Bf6 29. Ng4 Ke7 30. Ra4 Rc6 31. Kf1 Ra6 32. Ne3 Kd7 33. Rxc4 Rxa5
34. Nxd5 exd5 35. Rb4 b5 36. Ke2 Kc6 37. Rb3 Ra2 38. Kd3 Be7 39. Kc2 Ra6 40.
Bf4 Rb6 41. c4 dxc4 42. Re3 Bf6 43. Be5 Kd5 44. Rf3 b4 45. g3 hxg3 46. fxg3
Bxe5 47. dxe5 Rb7 48. Rf4 Rc7 49. Rg4 g6 50. Rg5 Ke6 51. h4 Rc5 52. Rg4 Kxe5
53. Rf4 f5 54. Rf1 Rc6 55. Re1+ Kd4 56. Re7 a6 57. Re8 Rd6 58. Re7 b3+ 59. Kd2
c3+ 60. bxc3+ Kc4+ 0-1

[Event "2. Bundesliga Mitte 2013/2014"]
[Site "Steyregg"]
[Date "2014.04.06"]
[Round "11"]
[Board "2"]
[White "Pilaj, Herwig"]
[Black "Traunwieser, Georg"]
[Result "1-0"]
[WhiteElo "2376"]
[BlackElo "2121"]
[PlyCount "113"]
[EventDate "2013.10.04"]
[EventType "team"]
[EventRounds "11"]
[EventCountry "AUT"]
[WhiteTeam "Union Styria Graz"]
[BlackTeam "SPG Freistadt/Wartberg"]

1. c4 e6 2. g3 d5 3. Nf3 c6 4. b3 Qf6 5. d4 Bb4+ 6. Bd2 Bd6 7. Nc3 Qg6 8. Bg2
f5 9. Qc2 Na6 10. Ne5 Qf6 11. Bf4 g5 12. Ng4 Qd8 13. Bxd6 Qxd6 14. Ne5 dxc4 15.
Nxc4 Qxd4 16. Rd1 Nb4 17. Qc1 Qg7 18. e4 fxe4 19. Nxe4 Nf6 20. Ncd6+ Kf8 21.
Qc5 Na6 22. Qa3 Kg8 23. O-O Nd5 24. Qc1 h5 25. Qxg5 Qxg5 26. Nxg5 Rh6 27. Rfe1
Nab4 28. Rd2 Rg6 29. h4 Nc7 30. Bf3 Rh6 31. Ndf7 Rf6 32. Rd8+ Kg7 33. Nd6 Nc2
34. Rd1 Rf8 35. Rxf8 Kxf8 36. Bxh5 Ke7 37. Nc4 Bd7 38. Ne4 b6 39. Ne5 Nd5 40.
Rd2 Na3 41. Be2 a5 42. f4 a4 43. Kf2 Be8 44. h5 Nb1 45. Rc2 Nb4 46. Rb2 Na3 47.
h6 Kf8 48. g4 Nac2 49. g5 a3 50. Rb1 Nxa2 51. g6 Ra7 52. Rh1 Bxg6 53. Nxg6+ Ke8
54. h7 Rxh7 55. Rxh7 Nc1 56. Nf6+ Kd8 57. Rd7+ 1-0

[Event "2. Bundesliga Mitte 2013/2014"]
[Site "Steyregg"]
[Date "2014.04.06"]
[Round "11"]
[Board "3"]
[White "Ly, Daniel"]
[Black "Wittmann, Walter"]
[Result "0-1"]
[WhiteElo "2079"]
[BlackElo "2195"]
[PlyCount "76"]
[EventDate "2013.10.04"]
[EventType "team"]
[EventRounds "11"]
[EventCountry "AUT"]
[WhiteTeam "SPG Freistadt/Wartberg"]
[BlackTeam "Union Styria Graz"]

1. e4 c5 2. Nf3 Nc6 3. d4 cxd4 4. Nxd4 Nf6 5. Nc3 d6 6. Bg5 e6 7. Qd2 Be7 8.
O-O-O Nxd4 9. Qxd4 O-O 10. f4 Qa5 11. Kb1 h6 12. Bxf6 Bxf6 13. Qe3 Rd8 14. e5
dxe5 15. Rxd8+ Bxd8 16. Bd3 exf4 17. Qxf4 Qc7 18. Qf3 Bd7 19. Rf1 Bc6 20. Qh5
Rc8 21. Nb5 Bxb5 22. Qxb5 Bf6 23. g3 a6 24. Qb4 Rd8 25. Rf4 b5 26. Qe4 Qc5 27.
a3 Qg1+ 28. Rf1 Qxh2 29. g4 Qd2 30. Ka2 Qg5 31. Rg1 g6 32. Re1 Kg7 33. Qb7 Rd6
34. Qc7 Qd5+ 35. Ka1 Qd4 36. Rb1 Rd7 37. Qc6 Rd6 38. Qc7 b4 0-1

[Event "2. Bundesliga Mitte 2013/2014"]
[Site "Steyregg"]
[Date "2014.04.06"]
[Round "11"]
[Board "4"]
[White "Wertjanz, David"]
[Black "Oberngruber, Thomas"]
[Result "1-0"]
[WhiteElo "2281"]
[BlackElo "2096"]
[PlyCount "97"]
[EventDate "2013.10.04"]
[EventType "team"]
[EventRounds "11"]
[EventCountry "AUT"]
[WhiteTeam "Union Styria Graz"]
[BlackTeam "SPG Freistadt/Wartberg"]

1. e4 e5 2. Nf3 Nc6 3. Bb5 a6 4. Ba4 Nf6 5. O-O Be7 6. Re1 b5 7. Bb3 d6 8. c3
O-O 9. d4 Bg4 10. Be3 Na5 11. Bc2 Nc4 12. Bc1 c5 13. b3 Nb6 14. dxe5 Bxf3 15.
Qxf3 dxe5 16. Nd2 Nbd7 17. Nf1 Re8 18. Ne3 Qb6 19. Nf5 Bf8 20. Bg5 Qe6 21. Rad1
a5 22. Rd2 g6 23. Qg3 Ra6 24. Red1 Kh8 25. Ne3 h6 26. Qh4 Kh7 27. Nd5 Nxd5 28.
exd5 Qd6 29. Rd3 Nf6 30. Re3 Bg7 31. f4 exf4 32. Bxf4 Qd8 33. Rxe8 Qxe8 34. d6
Qe2 35. Qf2 Qxf2+ 36. Kxf2 Nd7 37. Re1 Bf6 38. Re8 Kg7 39. Bd3 Rb6 40. c4 Bd4+
41. Ke2 bxc4 42. Bxc4 Bf6 43. Re7 g5 44. Bg3 Nb8 45. Rxf7+ Kg6 46. d7 Nc6 47.
Bc7 Rb7 48. Bxa5 Nd8 49. Rxf6+ 1-0

[Event "2. Bundesliga Mitte 2013/2014"]
[Site "Steyregg"]
[Date "2014.04.06"]
[Round "11"]
[Board "5"]
[White "Ly, Dominik"]
[Black "Stagl, Marco"]
[Result "0-1"]
[WhiteElo "1851"]
[BlackElo "2149"]
[PlyCount "124"]
[EventDate "2013.10.04"]
[EventType "team"]
[EventRounds "11"]
[EventCountry "AUT"]
[WhiteTeam "SPG Freistadt/Wartberg"]
[BlackTeam "Union Styria Graz"]

1. e4 d5 2. exd5 Qxd5 3. Nc3 Qa5 4. d4 Nf6 5. Bc4 Bg4 6. Nf3 e6 7. h3 Bh5 8. g4
Bg6 9. Ne5 Bb4 10. Bd2 Nbd7 11. Nxd7 Nxd7 12. a3 Bxc3 13. Bxc3 Qb6 14. Qe2
O-O-O 15. O-O-O Nf6 16. f3 h5 17. Bd3 Bxd3 18. Qxd3 Kb8 19. g5 Nd5 20. Be1 Nf4
21. Qe4 Rxd4 22. Rxd4 Qxd4 23. Qxd4 Ne2+ 24. Kb1 Nxd4 25. Bc3 Nf5 26. Rd1 Kc8
27. Kc1 c6 28. Be5 Rd8 29. Rxd8+ Kxd8 30. Kd2 Ke7 31. Kd3 f6 32. gxf6+ gxf6 33.
Bc3 e5 34. f4 Ke6 35. Ke4 Nd6+ 36. Ke3 Kf5 37. fxe5 fxe5 38. b3 Ne4 39. Be1 Ng5
40. h4 Ne6 41. Bc3 Nf8 42. Kf3 Ng6 43. Be1 Nf4 44. Bg3 Ne6 45. Ke3 Nd4 46. Kd3
Ne6 47. Ke3 Nc7 48. Kd3 Nd5 49. c4 Nf6 50. Ke3 a6 51. Kf3 b5 52. Ke3 bxc4 53.
bxc4 Ne4 54. Be1 Nd6 55. Kd3 Kf4 56. c5 Nf5 57. Ke2 Kg4 58. Bc3 Kf4 59. Be1 Ke4
60. Bf2 Nd4+ 61. Kd1 Kd3 62. Bg3 e4 0-1

[Event "2. Bundesliga Mitte 2013/2014"]
[Site "Steyregg"]
[Date "2014.04.06"]
[Round "11"]
[Board "6"]
[White "Manhardt, Thomas"]
[Black "Grabner, Hermann"]
[Result "1-0"]
[WhiteElo "2226"]
[BlackElo "1973"]
[PlyCount "71"]
[EventDate "2013.10.04"]
[EventType "team"]
[EventRounds "11"]
[EventCountry "AUT"]
[WhiteTeam "Union Styria Graz"]
[BlackTeam "SPG Freistadt/Wartberg"]

1. e4 {[%emt 0:00:00]} e5 {[%emt 0:00:00]} 2. Nf3 Nc6 3. Bb5 a6 4. Bxc6 dxc6 5.
O-O Bg4 6. h3 h5 7. d3 Qf6 8. Nbd2 Ne7 9. Re1 Bxf3 10. Nxf3 Ng6 11. d4 Qd6 12.
dxe5 Nxe5 13. Bf4 Qxd1 14. Raxd1 Nxf3+ 15. gxf3 Rc8 16. Rd3 Be7 17. Red1 O-O
18. Rb3 b6 19. Rd7 Bd8 20. Rc3 c5 21. Rcd3 g5 22. Bc1 Kg7 23. f4 gxf4 24. Bxf4
Kf6 25. R7d5 Rg8+ 26. Kf1 h4 27. Be5+ Ke6 28. f4 f6 29. f5+ Ke7 30. Bf4 Ke8 31.
e5 fxe5 32. Rxe5+ Kf7 33. Re6 Bg5 34. Rd7+ Kf8 35. Bxc7 Rg7 36. Bd6+ 1-0

[Event "2. Bundesliga Mitte 2013/2014"]
[Site "Steyregg"]
[Date "2014.04.06"]
[Round "11"]
[Board "1"]
[White "Taggatz, Mario"]
[Black "Mohr, Georg"]
[Result "1/2-1/2"]
[WhiteElo "2222"]
[BlackElo "2481"]
[PlyCount "51"]
[EventDate "2013.10.04"]
[EventType "team"]
[EventRounds "11"]
[EventCountry "AUT"]
[WhiteTeam "Spg. Sauwald"]
[BlackTeam "Strassenbahn Graz"]

1. Nf3 {[%emt 0:00:00]} g6 2. e4 Bg7 3. d4 d6 4. Bc4 e6 5. O-O Ne7 6. Re1 b6 7.
a4 a6 8. Bf1 Nd7 9. Na3 O-O 10. c3 Bb7 11. Nc4 Nf6 12. e5 dxe5 13. Nfxe5 Nf5
14. Bg5 h6 15. Bxf6 Bxf6 16. Be2 Nd6 17. Bf3 Bxf3 18. Qxf3 Nxc4 19. Nxc4 a5 20.
g3 Bg7 21. Ne5 Bxe5 22. Rxe5 Qd7 23. Qf6 Qd8 24. Qf3 Qd7 25. Qf6 Qd8 26. Qf3
 1/2-1/2

[Event "2. Bundesliga Mitte 2013/2014"]
[Site "Steyregg"]
[Date "2014.04.06"]
[Round "11"]
[Board "2"]
[White "Supancic, Darko"]
[Black "Renner, Christoph"]
[Result "1/2-1/2"]
[WhiteElo "2334"]
[BlackElo "2379"]
[PlyCount "98"]
[EventDate "2013.10.04"]
[EventType "team"]
[EventRounds "11"]
[EventCountry "AUT"]
[WhiteTeam "Strassenbahn Graz"]
[BlackTeam "Spg. Sauwald"]

1. Nf3 d5 2. g3 c6 3. Bg2 Bf5 4. O-O e6 5. d3 Nf6 6. Nc3 Bc5 7. Nd2 O-O 8. e4
dxe4 9. Ncxe4 Be7 10. Nc4 Nd5 11. Qe2 Qc7 12. d4 Nd7 13. Ne3 Bg6 14. c4 N5f6
15. Nc3 e5 16. d5 Rfe8 17. Rd1 e4 18. h3 Ne5 19. Ng4 Nexg4 20. hxg4 Bb4 21. Be3
Bxc3 22. bxc3 c5 23. a4 Qc8 24. Bh3 h5 25. a5 hxg4 26. Bf1 Nd7 27. Qxg4 Qd8 28.
Qg5 Qxg5 29. Bxg5 Bh5 30. Rdb1 Ne5 31. Bf4 Nf3+ 32. Kg2 g5 33. Bc7 Bg4 34. Be2
Kg7 35. Rh1 Rac8 36. d6 Bd7 37. Rh5 Rh8 38. Rxh8 Rxh8 39. Rh1 Re8 40. Rb1 Bc6
41. Rxb7 Rh8 42. Bxf3 exf3+ 43. Kg1 Kg6 44. Rb8 Rxb8 45. Bxb8 a6 46. Ba7 Kf5
47. Bxc5 g4 48. Kf1 Ke4 49. Ke1 Kd3 1/2-1/2

[Event "2. Bundesliga Mitte 2013/2014"]
[Site "Steyregg"]
[Date "2014.04.06"]
[Round "11"]
[Board "3"]
[White "Schmidt, Peter"]
[Black "Krebs, Johann"]
[Result "1-0"]
[WhiteElo "2377"]
[BlackElo "2250"]
[PlyCount "79"]
[EventDate "2013.10.04"]
[EventType "team"]
[EventRounds "11"]
[EventCountry "AUT"]
[WhiteTeam "Spg. Sauwald"]
[BlackTeam "Strassenbahn Graz"]

1. e4 c5 2. Nc3 Nc6 3. Bb5 g6 4. Bxc6 dxc6 5. d3 Bg7 6. Be3 Nf6 7. Bxc5 Qa5 8.
Bd4 e5 9. Be3 Ng4 10. Qe2 Nxe3 11. Qxe3 h5 12. Nge2 Qb4 13. Rb1 Be6 14. O-O Bh6
15. Qg3 Bg7 16. f4 h4 17. Qf3 f5 18. fxe5 Bxe5 19. Nf4 fxe4 20. Nxe4 Bf5 21. c3
Qb6+ 22. d4 O-O-O 23. Kh1 Bc7 24. Nxg6 Bxg6 25. Qg4+ Kb8 26. Qxg6 h3 27. g3 Qa6
28. Qf7 Rhe8 29. Nc5 Qe2 30. Rf2 Qe3 31. Rbf1 Re7 32. Qf5 Qh6 33. Qf6 Qe3 34.
Qf3 Qh6 35. Re2 Rde8 36. Rxe7 Rxe7 37. Qf8+ Qxf8 38. Rxf8+ Bd8 39. Rxd8+ Kc7
40. Rd7+ 1-0